000 00402nam a2200169Ia 4500
001 12444
003 IN-NITTTR
005 20251114233116.0
008 251113s9999||||xx |||||||||||||| ||eng||
040 _beng
040 _cIN-NITTTR
041 _aeng
082 _a658.022 S35S
100 _aSteinhoff, Dan
245 0 _aSmall business management fundamentals. /
_cSteinhoff, Dan
942 _2ddc
_cBK
999 _c15080
_d15080